Inžinierska štatistika
Salvato in:
| Autore principale: | |
|---|---|
| Natura: | Libro |
| Lingua: | ceco |
| Pubblicazione: |
Bratislava
Alfa
1973
|
| Serie: | Edícia ekonomickej štatistiky
|
| Tags: |
Nessun Tag, puoi essere il primo ad aggiungerne!!
|
MARC
| LEADER | 00000nam a2200000 4500 | ||
|---|---|---|---|
| 001 | c120631 | ||
| 005 | 20221128070118.9 | ||
| 041 | 0 | |a cze | |
| 044 | |a SK | ||
| 245 | 1 | 0 | |a Inžinierska štatistika |c Alexander Linczényi |
| 264 | 1 | |a Bratislava |b Alfa |c 1973 | |
| 300 | |a 428 s. | ||
| 490 | 1 | |a Edícia ekonomickej štatistiky | |
| 830 | 0 | |a Edícia ekonomickej štatistiky | |
| 100 | 1 | |a Linczényi, Alexander | |